Seeing patients (Record no. 242023)
[ view plain ]
| 000 -LEADER | |
|---|---|
| fixed length control field | 01891nam a2200385 a 4500 |
| 082 04 - DEWEY DECIMAL CLASSIFICATION NUMBER | |
| Classification number | 362.1089/96073 |
| 100 1# - MAIN ENTRY--AUTHOR NAME | |
| Personal name | White, Augustus A. |
| 245 10 - TITLE STATEMENT | |
| Title | Seeing patients |
| 260 ## - PUBLICATION, DISTRIBUTION, ETC. (IMPRINT) | |
| Place of publication | Cambridge, Mass. ; |
| -- | London, England : |
| Name of publisher | Harvard University Press, |
| Year of publication | 2011. |
| 300 ## - PHYSICAL DESCRIPTION | |
| Number of Pages | x, 335 p. |
| 505 0# - FORMATTED CONTENTS NOTE | |
| Formatted contents note | It takes a village: Memphis -- Scrub nurse -- Becoming a doctor: Stanford -- Becoming a surgeon: Yale -- Combat surgeon: death and our common humanity -- Getting toward equal: Sweden -- A man ain't nothin' but a man -- Orthopedic chief: Harvard -- Diagnosis and treatment: the subconscious at work -- Health-care disparities: race -- Health-care disparities: women, Hispanics, elderly, gay -- Culturally competent care. |
| 650 #0 - SUBJECT ADDED ENTRY--TOPICAL TERM | |
| Topical Term | African American surgeons |
| Topical Term | Discrimination in medical care. |
| Topical Term | African Americans |
| Topical Term | Medical education. |
| 700 1# - ADDED ENTRY--PERSONAL NAME | |
| Personal name | Chanoff, David. |
| 856 40 - ELECTRONIC LOCATION AND ACCESS | |
| Uniform Resource Identifier | http://site.ebrary.com/lib/rucke/Doc?id=10468997 |
No items available.
